LEADER 01906nam a2200397 a 4500 001 000000172067 003 CaOOAMICUS 005 20190617115600.0 008 190617s2019 it bho u000 u ita r 020 $a978-88-430-9508-7* 032 $aLibriCat 040 $aPUL$bita 082 04$a270.1 100 1 $aGrafton, Anthony.$0(OLS)http://pul/name/110442 240 10$aChristianity and the transformation of the book.$lItaliano.$0(OLS)http://pul/title/212951 245 10$aCome il cristianesimo ha trasformato il libro /$cAnthony Grafton, Megan Williams ; edizione italiana a cura di Lucio Del Corso e Laura Lulli. 250 $a2a ed. 260 $aRoma :$bCarocci,$c©2019. 300 $aXV,343 p.; $bc.geogr.,facs.,fotogr.;$c21 cm 490 1 $aQuality paperbacks ;$v549 504 $aBibliografia p. [287]--331. 600 04$aEusebius Caesariensis,$cvesc.,$d260/265-339/340.$tPraeparatio evangelica$9(Eusebius Caesariensis, vesc., 260/265-339/340).$0(OLS)http://pul/subject/5533 600 04$aOrigenes,$d184-253$xEsegesi biblica.$0(OLS)http://pul/subject/40312 630 04$aBiblia$xEdizioni$xStudi.$0(OLS)http://pul/subject/36994 700 1 $aDel Corso, Lucio.$0(OLS)http://pul/name/110444 700 1 $aWilliams, Megan.$0(OLS)http://pul/name/110443 700 1 $aLulli, Laura.$0(OLS)http://pul/name/110445 830 0$aQuality paperbacks (Carocci) ;$v549.$0(OLS)http://pul/title/103487 850 $aPUL 852 $aPUL$W1$xSL Religione 3$y85$m270. 1 GRAAN 1$j195984$qDDC 21$B200758$CPULBib$Z2$F200758 $H132843 $82 941 1 $a9 996 $6020$a978-88-430-9508-7*$9(OLS)http://pul/number/166204 996 $6082$a270.1$9(OLS)http://pul/classification/305 996 $6245$aCome il cristianesimo ha trasformato il libro$9(OLS)http://pul/title/212950 996 $6260$aRoma :$bCarocci$9(OLS)http://pul/publisher/66917 LEADER 01596nam a2200301 a 4500 001 000000121736 003 CaOOAMICUS 005 20100512160118.0 008 100512t2010 vc u000 u ita r 020 $a978-88-209-8342-0 040 $aPUL$bita$dReb 082 04$a331.4 245 00$aCultura d'impresa e costruzione del bene comune :$bl'Enciclica Caritas in Veritate per un mondo migliore /$cA cura di Angelo Ferro e Pierluigi Sassi. 260 $a[Cittą del Vaticano] :$bLibreria editrice vaticana,$cstampa 2010. 300 $a205 p. ;$c24 cm. 490 1 $aCollana UCID$aImprenditori cristiani per il bene comune ;$v02 610 24$aPapi (2005-2013 : Benedictus XVI)$tCaritas in veritate.$0(OLS)http://pul/subject/38365 650 4$aEconomia e societą.$0(OLS)http://pul/subject/6910 700 1 $aFerro, Angelo.$0(OLS)http://pul/name/76252 700 1 $aSassi, Pierluigi.$0(OLS)http://pul/name/76253 830 0$aCollana UCID$pImprenditori cristiani per il bene comune ;$v02.$0(OLS)http://pul/title/153156 850 $aPUL 852 $aPUL$W1$xSL Diritto e Scienze Sociali 3$y79$m331. 4 FERAN 1$j139724$qDDC 21$B138914$CPULBib$Z2$F138914 $H113617 $82 941 1 $a9 996 $6020$a978-88-209-8342-0$9(OLS)http://pul/number/144195 996 $6082$a331.4$9(OLS)http://pul/classification/528 996 $6245$aCultura d'impresa e costruzione del bene comune :$bl'Enciclica Caritas in Veritate per un mondo migliore$9(OLS)http://pul/title/153155 996 $6260$a[Cittą del Vaticano] :$bLibreria editrice vaticana$9(OLS)http://pul/publisher/49159